000 00403nam a2200109Ia 4500
008 160909s9999 xx 000 0 und d
100 _aMcClenny, Tammy.
245 _aStudent experiences of high-stakes testing for progression in one undergraduate nursing program
260 _bUniversity of West Georgia
_c2016
650 _aEDUC/SPED
856 _uhttp://pqdtopen.proquest.com/doc/1795584996.html?FMT=ABS
999 _c305054
_d305054